| 000 | 01150nam a2200337 i 4500 | ||
|---|---|---|---|
| 001 | 000010959 | ||
| 003 | DO-SdBNP | ||
| 005 | 20260317093012.0 | ||
| 007 | ta | ||
| 008 | 091009s1981 dr 001 0 spa d | ||
| 040 |
_aDO-SdBNP _bspa _cBNPHU _erda |
||
| 041 | _aspa | ||
| 082 |
_a616.025 _bU75m, 1981 _222 |
||
| 245 | 0 | 0 |
_aUrgencias médicas / _ceditor Guarocuya Batista del Villar. |
| 250 | _aTercera edición | ||
| 264 |
_aSanto Domingo : _bAmigo del Hogar _bAlfa y Omega, _c1981. |
||
| 300 |
_a2 volumen : _bilustraciones ; _c22 cm. |
||
| 336 |
_ardacontent _btexto _2txt |
||
| 337 |
_ardamedia _bsin mediación _2n |
||
| 338 |
_ardacarrier _bvolumen _2nc |
||
| 500 | _aIncluye referencias bibliográficas y notas al pie de las páginas. | ||
| 590 | _aInventariado, 2018/LP | ||
| 650 | 4 |
_aUrgencias médicas _92343 |
|
| 650 | 4 |
_aMedicina de urgencias _925942 |
|
| 650 | 4 |
_aCuidados intensivos (medicina) _925943 |
|
| 650 | 4 |
_aEnfermedades cardiacas _918206 |
|
| 650 | 4 |
_aUrgencias en obstetricias _926370 |
|
| 700 | 1 |
_aBatista del Villar, Guarocuya, _eeditor _920408 |
|
| 910 | _aValidado. Control de calidad MMOLINA | ||
| 942 |
_2ddc _cLBS1 |
||
| 999 |
_c10697 _d10697 |
||